| 000 | 00467cam a2200157 4500 | ||
|---|---|---|---|
| 082 | 0 | 0 |
_a526.9 _bPUN |
| 100 | 1 |
_aPunmia _942568 |
|
| 245 | 1 | 0 |
_aSurveying: _bVol.1 _c Dr. B. C. Punmia |
| 250 | _a17th ed. | ||
| 260 |
_aNew Delhi, _bLaxmi Publications., _c2016. |
||
| 300 |
_aXVI. 366 p. _b illus. _c15 cm. |
||
| 526 |
_a0 _b0 _c0 _d526_900000000000000_PUN |
||
| 650 | 0 |
_aSurveying _xInstruments. _951190 |
|
| 700 |
_aAshok Kumar Jain , A. K. Jain _951191 |
||
| 942 |
_2ddc _cBK |
||
| 999 |
_c553947 _d553947 |
||